Bài tập và bài giải kế toán chi phí

Nội dung cuốn sách bao gồm các bài tập trắc nghiệm, bài tập tự luận được biên soạn theo thứ tự của chương trình môn kế toán chi phí hiện đang được giảng dạy tại trường đại học kinh tế TP Hồ Chí Minh và những bài tập trắc nghiệm, tư...

Celý popis

Uloženo v:
Podrobná bibliografie
Hlavní autor: Huỳnh Lợi
Médium: Kniha
Jazyk:Vietnamese
Vydáno: H. Tài Chính 2012
Témata:
Tagy: Přidat tag
Žádné tagy, Buďte první, kdo otaguje tento záznam!
Thư viện lưu trữ: Thư viện Trường Đại học Nam Cần Thơ
LEADER 02553nam a22003017a 4500
001 NCT_40492
008 180609b xxu||||| |||| 00| 0 vie d
999 |c 1946  |d 1946 
020 |c 40000 
082 0 4 |2 23rd ed.  |a 657.42  |b L462 
100 1 |a Huỳnh Lợi 
245 1 0 |a Bài tập và bài giải kế toán chi phí  |c Huỳnh Lợi 
260 |a H.  |b Tài Chính  |c 2012 
300 |a 366tr.  |b Mô hình  |c 24cm 
500 |a ĐTTS ghi: Trường Đại học Kinh tế Tp.Hồ Chí Minh. Khoa Kế toán - Kiểm toán 
520 3 |a Nội dung cuốn sách bao gồm các bài tập trắc nghiệm, bài tập tự luận được biên soạn theo thứ tự của chương trình môn kế toán chi phí hiện đang được giảng dạy tại trường đại học kinh tế TP Hồ Chí Minh và những bài tập trắc nghiệm, tự luận mang tính chất gợi mở, tiếp cận những lý thuyết kế toán chi phí hiện đại. 
653 |a Kế toán 
942 |2 ddc  |c BK 
952 |0 0  |1 0  |2 ddc  |4 0  |6 657_420000000000000_L462  |7 0  |9 10228  |a 000001  |b 000001  |d 2018-06-09  |o 657.42 L462  |p MD.07611  |r 2018-06-09  |v 40000.00  |w 2018-06-09  |y BK 
952 |0 0  |1 0  |2 ddc  |4 0  |6 657_420000000000000_L462  |7 0  |9 10229  |a 000001  |b 000001  |d 2018-06-09  |o 657.42 L462  |p MD.07613  |r 2018-06-09  |v 40000.00  |w 2018-06-09  |y BK 
952 |0 0  |1 0  |2 ddc  |4 0  |6 657_420000000000000_L462  |7 0  |9 10230  |a 000001  |b 000001  |d 2018-06-09  |o 657.42 L462  |p MD.07614  |r 2018-06-09  |v 40000.00  |w 2018-06-09  |y BK 
952 |0 0  |1 0  |2 ddc  |4 0  |6 657_420000000000000_L462  |7 0  |9 10231  |a 000001  |b 000001  |d 2018-06-09  |o 657.42 L462  |p MD.07615  |r 2018-06-09  |v 40000.00  |w 2018-06-09  |y BK 
952 |0 0  |1 0  |2 ddc  |4 0  |6 657_420000000000000_L462  |7 0  |9 10232  |a 000001  |b 000001  |d 2018-06-09  |o 657.42 L462  |p MD.07616  |r 2018-06-09  |v 40000.00  |w 2018-06-09  |y BK 
952 |0 0  |1 0  |2 ddc  |4 0  |6 657_420000000000000_L462  |7 0  |9 10233  |a 000001  |b 000001  |d 2018-06-09  |o 657.42 L462  |p MD.07617  |r 2018-06-09  |v 40000.00  |w 2018-06-09  |y BK 
952 |0 0  |1 0  |2 ddc  |4 0  |6 657_420000000000000_L462  |7 0  |9 10234  |a 000001  |b 000001  |d 2018-06-09  |o 657.42 L462  |p MD.07618  |r 2018-06-09  |v 40000.00  |w 2018-06-09  |y BK 
952 |0 0  |1 0  |2 ddc  |4 0  |6 657_420000000000000_L462  |7 0  |9 10235  |a 000001  |b 000001  |d 2018-06-09  |o 657.42 L462  |p MD.07619  |r 2018-06-09  |v 40000.00  |w 2018-06-09  |y BK 
952 |0 0  |1 0  |2 ddc  |4 0  |6 657_420000000000000_L462  |7 0  |9 10236  |a 000001  |b 000001  |d 2018-06-09  |o 657.42 L462  |p MD.07620  |r 2018-06-09  |v 40000.00  |w 2018-06-09  |y BK 
980 |a Thư viện Trường Đại học Nam Cần Thơ